Normal view
MARC view
Entry Topical Term
001 - CONTROL NUMBER
- control field: 15396
003 - CONTROL NUMBER IDENTIFIER
- control field: OSt
005 - DATE AND TIME OF LATEST TRANSACTION
- control field: 20250323204659.0
008 - FIXED-LENGTH DATA ELEMENTS
- fixed length control field: 250323|| aca||aabn | a|a d
040 ## - CATALOGING SOURCE
- Original cataloging agency: OSt
- Transcribing agency: OSt
150 ## - HEADING--TOPICAL TERM
- Topical term or geographic name entry element: BSHRM Graduates -- Career outcomes
670 ## - SOURCE DATA FOUND
- Source citation: Work cat.: (OSt)3936: Balano, Celestina O., author. 14806, The employability of the graduates of Bachelor and Science in Hotel and Restaurant Management (BSHRM) of the Cavite State University Rosario Campus, S.Y. 2002-2003 to 2006-2007, 2010
